| 000 | 00854nam a22002057a 4500 | ||
|---|---|---|---|
| 999 |
_c8375 _d8375 |
||
| 003 | AR-CdUCM | ||
| 008 | 190325b ||||| |||| 00| 0 spa d | ||
| 040 |
_aMUNICIPALIDAD PROVINCIAL DEL CUSCO _cBIBLIOTECA MUNICIPAL DEL CUSCO |
||
| 082 |
_a025.52 / _bL72I |
||
| 100 |
_aLitton, Gastón M. _923514 |
||
| 245 | _aLa información en la biblioteca moderna / | ||
| 260 |
_aMéxico, D.F : _bCentro Regional de Ayuda Técnica, Agencia para el Desarrollo Internacional, _c1971. |
||
| 300 |
_a189 páginas ; _c17 cm. |
||
| 505 | _aContenido : El servicio de referencia -- la sección de referencia -- Como interpretar la pregunta de referencia -- Como evaluar los libros de referencia -- Diccionarios... | ||
| 650 |
_aBiblioteca _923182 |
||
| 650 |
_aInformación _923515 |
||
| 650 |
_aServicios de información _96063 |
||
| 942 |
_2ddc _cLIBROS |
||
| 945 | _admma | ||